| 000 | 01116cam a22003255a 4500 | ||
|---|---|---|---|
| 999 |
_c9164 _d9164 |
||
| 003 | EG-ScBUE | ||
| 005 | 20210713111453.0 | ||
| 008 | 150824s2005 nyua f 000 0 eng d | ||
| 020 | _a0194378152 : | ||
| 020 | _a9780194365772 ( work book ) : | ||
| 020 | _a0194397068 (Teacher's book) : | ||
| 040 |
_aEG-ScBUE _beng _erda _cEG-ScBUE _dEG-ScBUE |
||
| 082 | 0 | 4 |
_a428.24 _bBLA _222 |
| 100 | 1 |
_aBlackwell, Angela, _eauthor. _926083 |
|
| 245 | 1 | 0 |
_aGrammar sense. _n3, _pWorkbook / _cAngela Blackwell and Karen Davy. |
| 246 | 3 | 0 | _aWorkbook |
| 264 | 1 |
_aNew York, NY : _bOxford University Press, _c2005. |
|
| 300 |
_a155 pages : _billustrations ; _c24 cm |
||
| 336 |
_2rdacontent _atext _btxt |
||
| 337 |
_2rdamedia _aunmediated _bn |
||
| 338 |
_2rdacarrier _avolume _bnc |
||
| 590 | _aEman kamel | ||
| 650 | 7 |
_aEnglish language _vTextbooks for foreign speakers. _2BUEsh |
|
| 650 | 7 |
_aEnglish language _xGrammar _vProblems, exercises, etc. _2BUEsh |
|
| 651 | _2BUEsh | ||
| 653 |
_cJuly2019 _bHHUUEENN |
||
| 655 |
_vReading book _934232 |
||
| 700 | 1 |
_aDavy, Karen, _eauthor. _940656 |
|
| 942 |
_cBB _k428.24BLA _2ddc |
||